Diseños de los sistemas de riego por goteo, mini aspersión y aspersión convencional en los cultivos de cucurbitáceas y solanáceas en época de verano para 3.2 mz de la finca CEA - FTC, municipio de Tisma, departamento de Masaya
Presenta el diseño de los sistemas de riego por goteo, mini aspersión y aspersión convencional en los cultivos de cucurbitáceas y solanáceas en época de verano para 3.2 mz de la finca CEA - FTC, municipio de Tisma, departamento de Masaya en el cual se realizó el sistema de riego por goteo par...
| Main Authors: | , |
|---|---|
| Other Authors: | |
| Format: | Tesis Section = Libro |
| Language: | Undetermined Spanish |
| Published: |
Managua
UNI
2009
|
| Subjects: |
| LEADER | 01462nam a2200289Ia 4500 | ||
|---|---|---|---|
| 008 | 240830s9999 xx 000 0 und d | ||
| 040 | |a BIBLIOTECA-RUPAP Mon 631.587 S685 | ||
| 041 | |a spa | ||
| 082 | |a Mon 631.587 S685 | ||
| 100 | 1 | |a Sotelo Reyes, Marjorie del Socorro | |
| 100 | 1 | |b Zamora Escobar, Adriana Ivonne | |
| 245 | 1 | 0 | |a Diseños de los sistemas de riego por goteo, mini aspersión y aspersión convencional en los cultivos de cucurbitáceas y solanáceas en época de verano para 3.2 mz de la finca CEA - FTC, municipio de Tisma, departamento de Masaya |
| 260 | |a Managua |b UNI |c 2009 | ||
| 300 | |a 257 p. :il. | ||
| 500 | |a Cotiene: anexos. | ||
| 502 | |a Tesis (Ingeniero Agrícola)- UNI, 2009. | ||
| 520 | 3 | |a Presenta el diseño de los sistemas de riego por goteo, mini aspersión y aspersión convencional en los cultivos de cucurbitáceas y solanáceas en época de verano para 3.2 mz de la finca CEA - FTC, municipio de Tisma, departamento de Masaya en el cual se realizó el sistema de riego por goteo para sandía, tomate y melón, así como la elaboración de propuesta de producción para cada uno de los cultivos mencionados. | |
| 650 | 7 | |a RIEGO | |
| 650 | 7 | |b RIEGO POR GOTEO | |
| 650 | 7 | |c RIEGO POR ASPERSION | |
| 650 | 7 | |d SISTEMA DE RIEGO | |
| 650 | 7 | |e DISEÑO HIDRAULICO | |
| 650 | 7 | |f CULTIVOS AGRICOLAS | |
| 700 | 1 | |a Tutor: |b Espinoza González, Luis Gustavo | |
| 942 | |c BK |2 ddc | ||
| 991 | |a TESIS | ||
| 999 | |c 16706 | ||